Statistiques concernant Tous les adversaires de l'USA Perpignan en Coupe d'Europe.

Cliquez ici pour prendre le quiz!

Statistiques générales

  • Ce quiz a été pris 55 fois
  • Le résultat moyen est 12 sur 25

Statistiques - réponses

ÉquipesMatchesVictoiresNulsDéfaitesDifférence% Correct
Stade toulousain1001-5
96%
Leinster11007
89%
Munster9207-47
87%
RC Toulon11004
80%
Leicester Tigers6213-40
80%
Castres olympique210119
74%
London Wasps4103-50
74%
Benetton Trévise10901215
67%
Gloucester RFC4103-32
54%
Northampton Saints3102-34
54%
Edinburgh Rugby42026
52%
Cardiff Blues220041
52%
Llanelli Scarlets320130
50%
London Irish31021
50%
Ospreys2101-4
48%
Newport Dragons430139
46%
Newcastle Falcons210115
46%
Llanelli RFC320135
35%
US Colomiers1001-4
26%
Rugby Calvisano5500179
20%
Celtic Warriors21016
20%
Arix Viadana220023
17%
Leeds Carnegie21013
17%
Neath RFC110054
7%
Petrarca Padoue220047
2%

Distribution des résultats

Percentile par nombre de réponses

% des personnes avec chaque résultat

Votre développement - résultats

Vous n’avez pas pris ce quiz